000 00409nam a22001697a 4500
003 MPLRDC
005 20220104143246.0
008 210129b ||||| |||| 00| 0 eng d
082 _a859.3 XB v.7 c.2
100 _a不详
245 _a国王和小丑
_c
260 _a
_b香槟图书出版社
_c
300 _b
490 _a德国童话传奇故事精选
650 _a
942 _cBK
_o859.3 XB v.7 c.2
999 _c38155
_d38145